| 000 | 00680nam a22002411 4500 | ||
|---|---|---|---|
| 001 | 14120 | ||
| 003 | BD-RjUL | ||
| 005 | 20211208235556.0 | ||
| 008 | 140205m1963 nyua b 001 0 eng | ||
| 035 | _a(BD-RjUL)14172 | ||
| 040 |
_aDLC/ICU _cICU _dDLC _beng |
||
| 041 | _aeng | ||
| 082 | 0 | 0 |
_a574.193 _bWEE 1963 |
| 100 | 1 |
_aWebb, John Leyden. _944107 |
|
| 245 | 1 | 0 |
_aEnzyme and metabolic inhibitors / _cJohn Leyden Webb, _nV-1 |
| 260 |
_aNew York : _bAcademic Press, _c1963 |
||
| 300 |
_a959 p. : _billus. ; _c24 cm. |
||
| 504 | _aIncludes index and bibliographies. | ||
| 650 | 0 |
_aEnzyme inhibitors. _936990 |
|
| 942 |
_2ddc _cBK |
||
| 999 |
_c14120 _d14120 |
||